000 00574nam a2200217Ia 4500
008 101110s9999 xx 000 0 und d
041 _aENGLISH
082 _bJR5817
100 _aKhan T.H., Vira B.D., Marwah D.J. & others
245 _aSystematic chemistry for Std. XII
260 _c2008
_bUttam Prakashan, Mumbai
300 _a432
365 _b78
520 _aChemistry
546 _aENGLISH
630 _aSystematic chemistry for Std. XII
650 _aChemistry
655 _aChemistry
730 _aSystematic chemistry for Std. XII
942 _cBOOK
999 _c796611
_d796608